00601nam a2200229 a 4500001001300000003000900013005001700022008004100039020001000080082001300090100001500103245001100118260003300129300000800162500003500170505002800205700001500233902000800248942000700256952009300263999001500356nice12345678IN_TiNIC20260116011517.0050524s1927 luca grp 000 0 urd  ac10000a201bFIN aFines, Eva aApollo aLucknow bNo Publisherc1927 a38p aincludes index and biblioraphy2 aHand Written Manuscript1 aFines, Eva bSRS cBK 00104070aHMIbHMId2007-03-19g100.00l0o201 FINp4969r2007-03-19w2026-01-16yARB c2183d2183